Guess the TV Theme Song Lyrics #5 - Statistics

General Stats
  • This quiz has been taken 30 times
  • The average score is 42 of 65
Answer Stats
Answer % Correct
it
97%
it
97%
it
97%
it
97%
it
97%
it
97%
a
90%
the
90%
on
83%
to
79%
to
79%
And
76%
and
76%
and
76%
it's
76%
you
76%
you
76%
you
76%
You
76%
you
76%
Who
72%
Who
72%
can
69%
can
69%
can
69%
is
69%
You're
69%
all
66%
all
66%
all
66%
girl
66%
make
66%
make
66%
No
66%
her
62%
know
62%
Love
62%
going
59%
should
59%
with
59%
With
59%
after
55%
every
55%
need
55%
Well
55%
world
55%
don't
52%
Mary Tyler Moore Show
52%
smile
52%
take
52%
take
52%
Why
52%
around
48%
day
48%
seem
48%
show
48%
suddenly
45%
turn
45%
waste
45%
worthwhile
45%
nothing
41%
each
38%
movement
28%
never
17%
tell
17%
No matching quizzes found
Score Distribution
Percent of People with Each Score
Percentile by Number Answered
Your Score History
You have not taken this quiz